Football Teams Jan Vertonghen Played For - Statistics

General Stats
  • This quiz has been taken 29 times
  • The average score is 6 of 7
Answer Stats
League Years Team % Correct
Portugal 2020-2022 SL Benfica
96%
Netherlands 2006-2007 AFC Ajax
93%
Netherlands 2007-2012 AFC Ajax
93%
Netherlands 2005-2006 Jong Ajax
93%
England 2012-2020 Tottenham Hotspur
93%
Belgium 2022- RSC Anderlecht
81%
Netherlands 2007 RKC Waalwijk
22%
No matching quizzes found
Score Distribution
Percent of People with Each Score
Percentile by Number Answered
Your Score History
You have not taken this quiz